Серебряный ветер: роман; пер. с чеш.

Détails bibliographiques
Auteur principal: Шрамек Ф. Франя
Autres auteurs: Элькинд Е. (переводчик)
Langue:russe
Publié: Москва, Художественная литература, 1965
Sujets:
Format: Livre
KOHA link:https://koha.lib.tpu.ru/cgi-bin/koha/opac-detail.pl?biblionumber=321678

MARC

LEADER 00000nam0a2200000 4500
001 321678
005 20231102003411.0
035 |a (RuTPU)RU\TPU\book\347234 
090 |a 321678 
100 |a 20160902d1965 m y0rusy50 ca 
101 1 |a rus  |c cze 
102 |a RU 
105 |a a z 000ay 
200 1 |a Серебряный ветер  |e роман  |e пер. с чеш.  |f Ф. Шрамек  |g пер. Е. Элькинд 
210 |a Москва  |c Художественная литература  |d 1965 
215 |a 254 с.  |c ил. 
320 |a Вступительная статья: с. 5-17 
606 1 |a Чешская литература  |2 stltpush  |3 (RuTPU)RU\TPU\subj\80268  |9 88014 
610 1 |a художественная литература 
610 1 |a романы 
675 |a 885  |v 4 
700 1 |a Шрамек  |b Ф.  |g Франя  |4 070 
702 1 |a Элькинд  |b Е.  |4 730 
801 1 |a RU  |b 63413507  |c 20160902 
801 2 |a RU  |b 63413507  |c 20210112  |g RCR 
942 |c BK